|
|
|
|
| LEADER |
01209nam a2200301 a 4500 |
| 001 |
13832634 |
| 008 |
120704s2005 enk b 001 0 eng |
| 010 |
|
|
|a 2005042959
|
| 020 |
|
|
|a 1403906793 (cloth)
|
| 020 |
|
|
|a 1403906807 (paper)
|
| 040 |
|
|
|a DLC
|c DLC
|d DLC
|d BD-DhAAL
|
| 042 |
|
|
|a pcc
|
| 043 |
|
|
|a e-uk---
|
| 050 |
0 |
0 |
|a HT133
|b .C47 2005
|
| 082 |
0 |
0 |
|a 307.76/0941
|2 22
|
| 245 |
0 |
0 |
|a Changing cities :
|b rethinking urban competitiveness, cohesion, and governance /
|c edited by Nick Buck ... [et al.].
|
| 260 |
|
|
|a Houndmills, Basingstoke, Hampshire ;
|a New York :
|b Palgrave Macmillan,
|c 2005.
|
| 300 |
|
|
|a xv, 317 p. ;
|c 24 cm.
|
| 504 |
|
|
|a Includes bibliographical references p. (283-309) and index.
|
| 541 |
|
|
|e 00025558
|
| 650 |
|
0 |
|a Cities and towns
|z Great Britain.
|
| 650 |
|
0 |
|a Sociology, Urban
|z Great Britain.
|
| 650 |
|
0 |
|a Municipal government
|z Great Britain.
|
| 650 |
|
0 |
|a Urban economics.
|
| 700 |
1 |
|
|a Buck, N. H.,
|d 1953-
|
| 852 |
1 |
|
|a Ayesha Abed Library
|c General shelf.
|
| 999 |
|
|
|c 12501
|d 12501
|
| 952 |
|
|
|0 0
|1 0
|2 ddc
|4 0
|6 307_760941000000000_CHA
|7 0
|9 20659
|a IGS
|b IGS
|c GEN
|d 2012-07-03
|e karim International
|g 3770.00
|l 1
|m 3
|o 307.760941 CHA
|p 3010025558
|r 2014-06-09
|s 2012-12-31
|t 1
|w 2012-07-05
|y BK
|